00710nam a2200205 i 450000100060000000300090000600500170001500700030003200800410003510000280007624500920010426000330019630000360022949000170026570000260028283000250030885200320033399900170036595201220038251181ES-MaACL20230906162320.0t|030811s1969 sp ||||1| spa d1 aChesneaux, Jean.93838810aAsia Oriental en los siglos XIX-XX / cJean Chesneaux ; [traducción por Pilar Siver]. aBarcelona : bLabor, c1969. aXXIV, 315 p. : bil. ; c20 cm.1 aNueva clío1 aSiver, Pilar.91067220 aNueva clío9182610 aES-MaACLjC-36017 bR.69107 c51181d51181 00104070aATENEOMbATENEOMcDEPO2d2008-01-17eSCl0oC-36017p1053832r2023-02-23 00:00:00w2023-02-23yMONOGRAFIA